Marki samolotów 1# - Statystyki

Ogólne statystyki
  • Ten quiz został rozwiązany 69 razy
  • Średni wynik to 7 z 20
Statystyki odpowiedzi
Obrazkowy Odpowiedź % Poprawnych
Boeing 737
100%
Boeing 787
75%
Airbus A380
62%
Airbus A330
56%
Concorde
56%
Boeing 727
47%
Boeing 767
42%
Airbus A300
36%
Antonow An-225
36%
ATR 42
36%
ATR 72
36%
Embraer 170
31%
McDonnell Douglas DC-10
27%
Bombardier Q400
25%
Embraer 195
22%
McDonnell Douglas DC-8
20%
Learjet 45
7%
Fokker 70
5%
Learjet 75
4%
Iljuszyn Ił-76
2%
Nie znaleziono quizów pasujących do podanych kryteriów
Rozkład punktacji
Procent ludzi z każdym wynikiem
Percentyl według liczby udzielonych odpowiedzi
Twoja historia wyników
Nie rozwiązałeś tego quizu